Las óperas de Mozart / (Record no. 8136)

MARC details
000 -LEADER
campo de control de longitud fija 00781nam a2200241 i 4500
001 - NÚMERO DE CONTROL
campo de control 8136
003 - IDENTIFICADOR DE NÚMERO DE CONTROL
campo de control ES-MaACL
005 - FECHA Y HORA DE LA ÚLTIMA TRANSACCIÓN
campo de control 20250520160802.0
007 - CAMPO FIJO DE DESCRIPCIÓN FÍSICA--INFORMACIÓN GENERAL
campo de control de longitud fija t|
008 - DATOS DE LONGITUD FIJA--INFORMACIÓN GENERAL
campo de control de longitud fija 920225s1990 sp |||| | spa d
020 ## - NÚMERO INTERNACIONAL ESTÁNDAR DEL LIBRO
Número Internacional Estándar del Libro 84-206-8548-8
080 ## - NÚMERO DE LA CLASIFICACIÓN DECIMAL UNIVERSAL
Número de la Clasificación Decimal Universal 782.1 Mozart, Wolfgang Amadeus
100 1# - ENTRADA PRINCIPAL--NOMBRE DE PERSONA
Nombre de persona Kunze, Stefan.
9 (RLIN) 69042
245 14 - MENCIÓN DEL TÍTULO
Título Las óperas de Mozart /
Mención de responsabilidad, etc. Stefan Kunze ; versión española de Ambrosio Berasain Villanueva.
260 ## - PUBLICACIÓN, DISTRIBUCIÓN, ETC.
Lugar de publicación, distribución, etc. Madrid :
Nombre del editor, distribuidor, etc. Alianza,
Fecha de publicación, distribución, etc. [1990]
300 ## - DESCRIPCIÓN FÍSICA
Extensión 714 p. :
Otras características físicas il. ;
Dimensiones 21 cm.
490 1# - MENCIÓN DE SERIE
Mención de serie Alianza música ;
Designación de volumen o secuencia 48
600 17 - PUNTO DE ACCESO ADICIONAL DE MATERIA--NOMBRE DE PERSONA
Nombre de persona Mozart, Wolfgang Amadeus,
Fechas asociadas al nombre 1756-1791
Fuente del encabezamiento o término embne
9 (RLIN) 240565
700 1# - ENTRADA AGREGADA--NOMBRE PERSONAL
Nombre de persona Berasain Villanueva, Ambrosio.
9 (RLIN) 27828
830 0# - PUNTO DE ACCESO ADICIONAL DE SERIE-TÍTULO UNIFORME
Título uniforme Alianza música ;
Designación de volumen o secuencia 48
9 (RLIN) 178062
852 ## - LOCALIZACIÓN
Ubicación ES-MaACL
Número de control de estantería L-15519
Holdings
Estatus retirado Estado de pérdida Estado de daño No para préstamo Biblioteca de origen Biblioteca actual Ubicación en estantería Fecha de adquisición Fuente de adquisición Total de préstamos Signatura topográfica completa Código de barras Visto por última vez Precio de reemplazo Tipo de ítem Koha
        Biblioteca del Ateneo de Madrid Biblioteca del Ateneo de Madrid Depósito 2 17/01/2008     L-15519 1008296 23/02/2023 23/02/2023 Libro impreso